00000000nam##2200000za#4500
0019.604199
003CaOODSP
00520210624211443
007cr |||||||||||
008150406|2002||||xxc|||||o    f|0| 0 fre|d
040 |aCaOODSP|bfre
043 |an-cn---
0861 |aIN5-1/1-2002F-PDF
1101 |aCanada. |bBureau du surintendant des institutions financières Canada. |bBureau de l'actuaire en chef.
24510|aRégime de pensions du Canada - étude d'expérience des bénéficiaires de prestations d'invalidité |h[ressource électronique]
260 |aOttawa - Ontario : |bBureau du surintendant des institutions financières.
300 |a46p.|bgraphiques, tableaux
4901 |aÉtude actuarielle |vN° 1, novembre 2002
590 |a12-28-Supp|b2012-06-15
77508|tCanada Pension Plan - experience study of disability beneficiaries |w(CaOODSP)9.574457
830#0|aÉtude actuarielle ;|vN° 1, novembre 2002|w(CaOODSP)9.502561
85640|ahttp://publications.gc.ca|qPDF|s243 Ko|uhttps://publications.gc.ca/collections/collection_2012/bsif-osfi/IN5-1-1-2002-fra.pdf|yN° 1, novembre 2002